The military in the third world

Bibliographic Details
Main Author: Kennedy, Gavin
Format: Book
Published: London : Duckworth , 1974
Subjects:

MARC

LEADER 00000cam a2200000 7i4500
001 0000009359
005 20161228.0
020 |a 0715607340 
040 |a INS 
090 0 0 |a UH720   |b K46 1974 
100 1 |a Kennedy, Gavin 
245 1 4 |a The military in the third world   |c Gavin Kennedy 
260 |a London :   |b Duckworth ,   |c 1974 
300 |a 368p ;   |c 22 cm. 
650 0 0 |a Armed forces   |x Political activity 
650 0 0 |a Developing countries   |x Military policy 
650 0 0 |a Developing countries   |x Politics and government 
999 |a 0000023033   |b BOOK   |c Open Shelf   |e Default branch